000 01137cab a2200277 4500
001 ABS59270
008 090401t1998 xxu||||| |||| 00| 0 eng d
035 _a(Sirsi) u88470
041 _aeng
100 _aNewell, G,
245 4 _aThe effect of seasonality of valuations on property risk
260 _c1998
350 _a0
490 _aJournal of Property Research
_v15(3) September 1998, 167-182(16)
520 _aPresents an improved property risk formulae to account for seasonal variations in valuations in quarterly, monthly and six-monthly property indices. Using benchmark property returns series from USA, Canada, UK and Australia, it has found that the impact of revaluation seasonality on property risk is most evident in the quarterly US and Canadian property returns series.
650 _aCANADA
650 _aPROPERTY INDICES
650 _aRISK ESTIMATION
650 _aSEASONAL VARIATION
650 _aUNITED KINGDOM
650 _aUNITED STATES
650 _aValuation
_96273
690 _aPROPERTY-COMMERCIAL PROPERTY-COMMERCIAL PROPERTY FINANCE AND INVESTMENT
942 _n0
948 _c15/09/1998
999 _c55890
_d55890